[Event "London Classic Open 2017"]
[Site "London ENG"]
[Date "2017.12.07"]
[Round "7.58"]
[White "Mitra, Roman C"]
[Black "Yuan, Yuanling"]
[Result "1/2-1/2"]
[BlackTitle "WIM"]
[WhiteElo "2100"]
[BlackElo "2243"]
[WhiteFideId "419540"]
[BlackFideId "8604541"]
[EventDate "2017.12.02"]

1. e4 c5 2. Ne2 Nf6 3. Nbc3 d6 4. g3 g6 5. Bg2 Bg7 6. O-O O-O 7. d3 Nc6 8. h3
Rb8 9. a4 a6 10. Be3 Qc7 11. Qd2 Re8 12. g4 b5 13. axb5 axb5 14. f4 b4 15. Nd1
Nd7 16. c3 Na5 17. Qc2 bxc3 18. bxc3 Bb7 19. f5 Ne5 20. Ng3 Ra8 21. g5 Ba6 22.
Nb2 Reb8 23. f6 exf6 24. gxf6 Bf8 25. c4 Qb6 26. Rf2 Nb3 27. Rd1 Bc8 28. Qc3 Ra2
29. Rdf1 Nd4 30. Nd1 Rxf2 31. Nxf2 Ra8 32. Ra1 Rb8 33. Rf1 Be6 34. Kh1 Ra8 35.
Qd2 Nb3 36. Qb2 Qb4 37. Rb1 Ra3 38. Bf1 Nc6 39. Ne2 Qa5 40. Nc1 Ncd4 41. Kg2 h5
42. Nd1 Qe1 43. Qxa3 Qxd1 44. Nxb3 Qf3+ 45. Kh2 Nc2 46. Bg2 Qxe3 47. Qc1 Qxd3
48. Qf1 Qc3 49. Qf3 Qxc4 50. Nd2 Qd4 51. Nf1 Qe5+ 52. Kh1 Nd4 53. Qf2 Bh6 54.
Ne3 Bg5 55. Rf1 Bxe3 56. Qxe3 Nf5 57. Rxf5 gxf5 58. Qg5+ Kf8 59. exf5 Qxf5 60.
Qg7+ Ke8 61. Qh8+ Kd7 62. Qa8 Qb1+ 63. Kh2 Qb6 64. Bb7 Kc7 65. Bg2 d5 66. Qe8
Qd6+ 67. Kh1 c4 68. Qa4 Qc5 69. Qc2 Qd4 70. Qa2 Qxf6 71. Qa7+ Kd6 72. Qb8+ Ke7
73. Qb4+ Ke8 74. Qb8+ Qd8 75. Qe5 h4 76. Qh8+ Kd7 77. Qd4 Kd6 78. Qf4+ Kc5 79.
Qf3 Kb5 80. Qc3 Qa5 81. Qe5 Kc6 82. Qd4 Qe1+ 83. Kh2 Qg3+ 84. Kh1 c3 85. Qb4 Qd3
86. Qa3 Qb1+ 87. Kh2 Qb8+ 88. Kh1 Qb1+ 89. Kh2 c2 90. Bxd5+ Bxd5 91. Qc5+ Kb7
92. Qc7+ Ka6 93. Qa5+ Kb7 94. Qc7+ 1/2-1/2

[Event "London Classic Open 2017"]
[Site "London ENG"]
[Date "2017.12.07"]
[Round "7.59"]
[White "Duncan, Chris R"]
[Black "Manole, Stefan"]
[Result "0-1"]
[WhiteTitle "FM"]
[WhiteElo "2242"]
[BlackElo "2081"]
[WhiteFideId "403091"]
[BlackFideId "1203274"]
[EventDate "2017.12.02"]

1. Nf3 d5 2. c4 c6 3. e3 Nf6 4. Nc3 e6 5. b3 Nbd7 6. Qc2 Bd6 7. Bb2 O-O 8. Be2
b6 9. O-O Bb7 10. d4 c5 11. cxd5 exd5 12. Rfd1 Rc8 13. Rac1 Qe7 14. dxc5 bxc5
15. Nh4 Qe5 16. g3 Qe6 17. Bf3 Be5 18. Bg2 Ba8 19. Nf3 d4 20. Nxe5 Nxe5 21. Ne4
Nxe4 22. Bxe4 Nf3+ 23. Bxf3 Bxf3 24. Qc4 Qxc4 25. bxc4 Bxd1 26. Rxd1 dxe3 27.
fxe3 Rfd8 28. Rd5 Rxd5 29. cxd5 f5 30. g4 g6 31. gxf5 gxf5 32. Be5 c4 33. d6 Kf7
34. Kf2 Ke6 0-1

[Event "London Classic Open 2017"]
[Site "London ENG"]
[Date "2017.12.07"]
[Round "7.60"]
[White "Britton, Richard L"]
[Black "Seymour, Timothy P"]
[Result "1/2-1/2"]
[WhiteTitle "FM"]
[WhiteElo "2239"]
[BlackElo "2072"]
[WhiteFideId "401692"]
[BlackFideId "412112"]
[EventDate "2017.12.02"]

1. Nf3 d5 2. g3 Nf6 3. Bg2 e6 4. O-O c5 5. d3 Nc6 6. Nbd2 Be7 7. e4 O-O 8. Re1
b5 9. e5 Nd7 10. Nf1 Bb7 11. Bf4 Qb6 12. h4 Rfc8 13. h5 h6 14. N1h2 Qd8 15. Ng4
Bf8 16. c3 a5 17. Qd2 d4 18. c4 a4 19. Qd1 bxc4 20. dxc4 Na5 21. Nd2 Bxg2 22.
Kxg2 Nb6 23. Ne4 d3 24. Qf3 Kh8 25. Rad1 Naxc4 26. Rxd3 Nd5 27. Bc1 Ra7 28. Red1
Qc7 29. Nc3 Nxc3 30. bxc3 Nxe5 31. Nxe5 Qxe5 32. Rd7 Rxd7 33. Rxd7 f6 34. Bf4
Qf5 35. Ra7 Qc2 36. Ra8 Rxa8 37. Qxa8 Qxc3 38. Qxf8+ Kh7 39. Bd6 c4 40. Qf7 Qe1
41. Bf8 Qe4+ 42. Kh2 Qg4 43. f3 Qg5 44. g4 c3 45. Qc7 Kg8 46. Bb4 Qd2+ 47. Kh3
Qxa2 48. Qxc3 e5 49. Kg3 Qe2 50. Ba3 Qd1 51. Qc8+ Kh7 52. Qc1 Qd3 53. Bc5 Kh8
54. Qe3 Qd1 55. Ba3 Kh7 56. Kf2 Kh8 57. Bb4 Qb1 58. Qe1 Qb3 59. Qc3 Qd1 60. Ke3
Qd5 61. Ba3 Qd1 62. Ke4 Qb1+ 63. Qd3 Qb7+ 64. Ke3 Qc6 65. Kd2 Qb7 66. Kc2 Qc6+
67. Kd1 Qb7 68. Kc1 Qc6+ 69. Kb1 Qb7+ 70. Ka1 Qb6 71. Bb2 Qc6 72. Qc3 Qd5 73.
Kb1 Qd1+ 74. Ka2 Qd5+ 75. Ka3 Qd1 76. Qc8+ Kh7 77. Qb7 Kh8 78. Ka2 Kh7 79. Qe4+
Kh8 80. Qa8+ Kh7 81. Qb7 Kh8 82. Qc8+ Kh7 83. Qc3 Kh8 84. Ka3 Kh7 85. Kb4 Kh8
86. Kc4 Qd7 87. Ba3 Qc6+ 88. Kb4 Qd7 89. Qc4 Qd1 90. Qc3 Kh7 91. Qe3 Kh8 92. Ka5
Kh7 93. Bb4 Kh8 94. Kb5 Qd7+ 95. Kc4 Qc6+ 96. Bc5 Qe6+ 97. Kb4 Qd7 98. Qe2 Qc6 1/2-1/2

[Event "London Classic Open 2017"]
[Site "London ENG"]
[Date "2017.12.07"]
[Round "7.61"]
[White "Hebbes, Tim"]
[Black "Blasco Coll, Andreu"]
[Result "1/2-1/2"]
[WhiteElo "2097"]
[BlackElo "2236"]
[WhiteFideId "406570"]
[BlackFideId "22272836"]
[EventDate "2017.12.02"]

1. Nf3 Nf6 2. c4 g6 3. Nc3 d5 4. cxd5 Nxd5 5. g3 Bg7 6. Bg2 Nb6 7. O-O Nc6 8. d3
O-O 9. Bd2 e5 10. Rb1 Re8 11. b4 Nd4 12. a4 Bg4 13. a5 Bxf3 14. exf3 Nd7 15. Ne2
Nxe2+ 16. Qxe2 Nf8 17. Rfe1 Qd7 18. Bc3 c6 19. Rbd1 Rad8 20. Qb2 f6 21. f4 exf4
22. Rxe8 Rxe8 23. Bxf6 fxg3 24. hxg3 Bxf6 25. Qxf6 Re6 26. Qf4 Rd6 27. Bh3 Qd8
28. Qc4+ Kg7 29. Qc3+ Qf6 30. Qc5 Qd4 31. Bc8 b6 32. axb6 axb6 33. Qxd4+ Rxd4
34. Rc1 Rxb4 35. Rxc6 Rb1+ 36. Kg2 b5 37. Rb6 b4 38. Ba6 Kf7 39. Bc4+ Ke7 40.
Rb7+ Kd6 41. Rb6+ Kc7 42. Rb5 Nd7 43. f4 Nb6 44. Rc5+ Kd6 45. Rb5 Kc6 46. Kf2
Nc8 47. f5 gxf5 48. Rxf5 Nd6 49. Bd5+ Kc5 50. Rh5 Kd4 51. Bg8 Rb2+ 52. Kf3 Ne8
53. Bf7 Rb1 54. Bxe8 b3 55. Rb5 b2 56. Kg2 Kc3 57. Bf7 Ra1 58. Rb3+ Kc2 59. d4
b1=Q 60. Rxb1 Kxb1 61. d5 Kb2 62. Be6 Rd1 63. Kf3 Kc3 64. Ke4 Kb4 65. Ke5 Kc5
66. g4 1/2-1/2

[Event "London Classic Open 2017"]
[Site "London ENG"]
[Date "2017.12.07"]
[Round "7.62"]
[White "Bremner, Adam"]
[Black "Compton, Alistair"]
[Result "0-1"]
[WhiteTitle "CM"]
[WhiteElo "2231"]
[BlackElo "2071"]
[WhiteFideId "2400847"]
[BlackFideId "4300645"]
[EventDate "2017.12.02"]

1. d4 d5 2. Nf3 e6 3. c4 c5 4. cxd5 exd5 5. g3 Nc6 6. Bg2 Nf6 7. O-O c4 8. b3
cxb3 9. Qxb3 Be7 10. Nc3 O-O 11. Bg5 Na5 12. Qb1 Be6 13. Bxf6 Bxf6 14. e3 Rc8
15. Rc1 Qd7 16. Nd2 Be7 17. Qb2 a6 18. Qb6 Nc4 19. Nxc4 Rxc4 20. Ne2 Bd8 21. Qb3
b5 22. Nf4 Be7 23. Bf1 Bf5 24. Bxc4 dxc4 25. Qb2 g5 26. Ng2 Qd5 27. Ne1 g4 28.
h3 h5 29. hxg4 hxg4 30. a4 b4 31. Qe2 b3 32. f3 Rb8 33. e4 Qxd4+ 34. Kh2 gxf3
35. Nxf3 Qxe4 36. Qxe4 Bxe4 37. Nd2 Bc2 38. Rxc2 bxc2 39. Rc1 c3 40. Rxc2 cxd2
41. Rxd2 a5 42. Rd5 Bb4 43. Kh3 Rc8 44. Kh4 Rc5 45. Rd7 Kg7 46. Rd1 Bc3 47. g4
Rc4 48. Kh5 Rxa4 49. g5 Ra1 50. Rd7 Rh1+ 51. Kg4 Rg1+ 52. Kh5 Re1 53. Ra7 Re5
54. Ra6 Bd2 0-1

[Event "London Classic Open 2017"]
[Site "London ENG"]
[Date "2017.12.07"]
[Round "7.63"]
[White "Barj, Julien"]
[Black "Barton, R Alan"]
[Result "1/2-1/2"]
[WhiteElo "2226"]
[BlackElo "2052"]
[WhiteFideId "629200"]
[BlackFideId "404233"]
[EventDate "2017.12.02"]

1. e4 d6 2. d4 g6 3. c4 Bg7 4. Nc3 Nd7 5. Nf3 e6 6. Bg5 Ne7 7. Qd2 h6 8. Be3 b6
9. g3 Bb7 10. Bg2 a6 11. O-O Nf6 12. d5 e5 13. h3 g5 14. Ne1 Ng6 15. Nd3 Qe7 16.
b4 Nh5 17. c5 Nhf4 18. cxb6 Bc8 19. bxc7 Qxc7 20. Rac1 Nxg2 21. Kxg2 Qd7 22. Rh1
f5 23. Nb2 O-O 24. exf5 Qxf5 25. Qd1 Nf4+ 26. Bxf4 exf4 27. Nc4 fxg3 28. f3 Qf4
29. Ne4 g4 30. hxg4 Bxg4 31. Rf1 Bh5 32. Nxg3 Bg6 33. Qd2 Qh4 34. Rh1 Qf6 35.
Rhf1 Rac8 36. a3 Qh4 37. f4 Qg4 38. Nxd6 Rxc1 39. Qxc1 h5 40. Qd1 Rxf4 41. Qxg4
Rxg4 42. Kf3 Be5 43. Ndf5 Rf4+ 44. Ke2 Rxf1 45. Kxf1 Kf7 46. Kf2 Kf6 47. Ne3 Bd4
48. Ne2 Bxe3+ 49. Kxe3 Ke5 50. Nf4 Bf7 51. Nxh5 Bxh5 1/2-1/2

[Event "London Classic Open 2017"]
[Site "London ENG"]
[Date "2017.12.07"]
[Round "7.64"]
[White "Stigar, Petter"]
[Black "Hagesather, Arne"]
[Result "1/2-1/2"]
[WhiteTitle "FM"]
[WhiteElo "2214"]
[BlackElo "2046"]
[WhiteFideId "1500341"]
[BlackFideId "1502476"]
[EventDate "2017.12.02"]

1. Nf3 Nf6 2. c4 e6 3. g3 b6 4. Bg2 Bb7 5. O-O Be7 6. Nc3 O-O 7. Re1 d5 8. cxd5
exd5 9. d4 Nbd7 10. Bf4 c6 11. Ne5 Nh5 12. Bc1 Nxe5 13. dxe5 g6 14. Bh6 Re8 15.
Qd2 Bb4 16. a3 Bf8 17. Bxf8 Kxf8 18. Rad1 Rxe5 19. e4 d4 20. Qxd4 Qxd4 21. Rxd4
Rae8 22. f4 R5e7 23. Red1 Ng7 24. R4d2 f6 25. Rd6 Re6 26. Rd7 R6e7 27. R7d6 Re6
28. Rd7 R6e7 1/2-1/2

[Event "London Classic Open 2017"]
[Site "London ENG"]
[Date "2017.12.07"]
[Round "7.65"]
[White "Peters, Stephen G"]
[Black "Guelsen, Taylan"]
[Result "0-1"]
[WhiteElo "2050"]
[BlackElo "2213"]
[WhiteFideId "406040"]
[BlackFideId "24603635"]
[EventDate "2017.12.02"]

1. d4 Nf6 2. c4 e6 3. Nc3 Bb4 4. e3 O-O 5. Bd3 c5 6. Nf3 d5 7. O-O dxc4 8. Bxc4
cxd4 9. exd4 Nc6 10. Bg5 h6 11. Bh4 Be7 12. Qe2 Nxd4 13. Nxd4 Qxd4 14. Bg3 a6
15. Rfd1 Qg4 16. f3 Qh5 17. Be5 b5 18. Bd3 Bb7 19. Rac1 Rac8 20. Bb1 Rfd8 21.
Kh1 Kf8 22. Bg3 b4 23. Ne4 Nxe4 24. Bxe4 Rxc1 25. Rxc1 Bxe4 26. Qxe4 Qd5 27. Qc2
Qd2 28. h3 Qxc2 29. Rxc2 Rd1+ 30. Kh2 Bd6 31. Bxd6+ Rxd6 32. Kg1 Rb6 33. Kf2 b3
34. axb3 Rxb3 35. Kg3 Rb5 36. Rc6 a5 37. Ra6 Ke7 38. b3 Kf6 39. h4 g6 40. Kf4
g5+ 41. hxg5+ hxg5+ 42. Kg4 Kg6 43. Ra7 f5+ 44. Kg3 Kf6 45. Kf2 Ke5 46. g3 Kd4
47. f4 gxf4 48. gxf4 Ke4 49. Ra6 Kxf4 50. Rxe6 Rxb3 51. Ra6 Rb2+ 52. Kf1 Kf3 53.
Kg1 Rg2+ 54. Kh1 Ra2 55. Kg1 f4 56. Ra8 Ra4 57. Ra7 Ra1+ 58. Kh2 Kf2 59. Ra8 f3
60. Rb8 Ra2 61. Ra8 Kf1+ 62. Kg3 f2 63. Kh2 Ke1 0-1

[Event "London Classic Open 2017"]
[Site "London ENG"]
[Date "2017.12.07"]
[Round "7.66"]
[White "Yoon, Jacob D"]
[Black "Semprun Martinez, Fernando"]
[Result "1-0"]
[WhiteElo "2045"]
[BlackElo "2205"]
[WhiteFideId "446076"]
[BlackFideId "2203170"]
[EventDate "2017.12.02"]

1. e4 e5 2. Nf3 Nc6 3. Bb5 a6 4. Ba4 Nf6 5. O-O Be7 6. d3 b5 7. Bb3 d6 8. c3 O-O
9. Nbd2 Na5 10. Bc2 c5 11. a4 Bb7 12. Re1 Nd7 13. Qe2 Qc7 14. Nf1 Bf6 15. Ne3
Nb6 16. axb5 axb5 17. Ng4 Be7 18. d4 exd4 19. cxd4 b4 20. Bf4 Ba6 21. Qd1 Nbc4
22. e5 dxe5 23. Ngxe5 Bd6 24. Bxh7+ Kxh7 25. Ng5+ Kg8 26. Qh5 Rfe8 27. Qh7+ Kf8
28. Nd7+ 1-0

[Event "London Classic Open 2017"]
[Site "London ENG"]
[Date "2017.12.07"]
[Round "7.67"]
[White "Millward, Kevin P"]
[Black "Willmoth, Robert F"]
[Result "1/2-1/2"]
[BlackTitle "CM"]
[WhiteElo "2035"]
[BlackElo "2202"]
[WhiteFideId "404721"]
[BlackFideId "402540"]
[EventDate "2017.12.02"]

1. d4 d6 2. Bf4 g6 3. e3 Bg7 4. Nf3 c5 5. c3 Qb6 6. Na3 Nf6 7. Nc4 Qc7 8. a4 O-O
9. Be2 h6 10. h3 Be6 11. Na3 Qb6 12. Qc1 Nd5 13. Bg3 cxd4 14. Nxd4 Bd7 15. O-O
Nc6 16. Bf3 Nf6 17. Nc4 Qc7 18. Nxc6 Bxc6 19. Bxc6 Qxc6 20. Nd2 Rac8 21. Qc2 b6
22. Rfd1 Kh7 23. Qd3 Rfd8 24. e4 Nd7 25. f3 Nc5 26. Qc2 d5 27. exd5 Rxd5 28. Nf1
Rcd8 29. Rxd5 Rxd5 30. Ne3 Rd7 31. a5 e5 32. axb6 Qxb6 33. Bf2 Qb5 34. c4 Qb8
35. Nd5 Nb3 36. Ra3 Nd4 37. Bxd4 exd4 38. b4 Qg3 39. Qd2 Qg5 40. f4 Qf5 41. Qe2
Qe6 42. Ra2 Qf5 43. Ra3 Qe6 44. Kf2 Qd6 45. Ra2 Qb8 46. Qd3 f5 47. Re2 Rf7 48.
g3 Qc8 49. b5 Qd8 50. Re6 Qa5 51. Ra6 Qd8 52. Re6 Qa5 53. Ra6 Qd8 1/2-1/2

[Event "London Classic Open 2017"]
[Site "London ENG"]
[Date "2017.12.07"]
[Round "7.68"]
[White "Wilks, Simon"]
[Black "Brooks, Phil J"]
[Result "0-1"]
[WhiteElo "2022"]
[BlackElo "2192"]
[WhiteFideId "427357"]
[BlackFideId "405540"]
[EventDate "2017.12.02"]

1. e4 e6 2. d4 d5 3. Nc3 Bb4 4. e5 Ne7 5. a3 Bxc3+ 6. bxc3 b6 7. Qg4 Ng6 8. Bg5
Qd7 9. h4 h6 10. Bc1 h5 11. Qf3 Ba6 12. Bxa6 Nxa6 13. Bg5 c5 14. Ne2 Ne7 15. Ng3
g6 16. Bf6 Rg8 17. O-O Rc8 18. Qd3 Qa4 19. Rfc1 Kd7 20. Bg5 Nb8 21. Ne2 Nf5 22.
Ng3 Ne7 23. Qf3 Nbc6 24. Rd1 cxd4 25. cxd4 Ke8 26. c3 Na5 27. Qf6 Qd7 28. Qf3
Rc7 29. Rdb1 Qc6 30. Ne2 Nf5 31. Qd3 Qc4 32. Qd1 Kd7 33. Rb4 Qc6 34. a4 Qb7 35.
g3 Qa6 36. Rab1 Rgc8 37. Bd2 Nc4 38. Be1 Ne7 39. Kh2 Nc6 40. R4b3 N6a5 41. Rb4
Nc6 42. R4b3 Rg8 43. Nf4 N6a5 44. Rb4 Qc8 45. Nh3 Qd8 46. Qf3 Kc8 47. Ng5 Qe7
48. Ra1 Rf8 49. Nh7 Rh8 50. Ng5 Nc6 51. Rbb1 Qf8 52. Qf6 Rg8 53. Ra2 Qg7 54. Qf4
Rf8 55. Re2 Kd7 56. Kg2 Ne7 57. Ra1 Na5 58. Rc1 Nf5 59. Nf3 Rfc8 60. Rb1 Rc4 61.
Ra1 Qf8 62. Raa2 Qe7 63. Qg5 Ke8 64. Kh3 Qxg5 65. Nxg5 Nb3 66. Rab2 Nc1 67. Rec2
Nd3 68. Nf3 Nxb2 69. Rxb2 Rxa4 70. Bd2 Rcc4 71. Ng5 Ra1 72. f3 Rca4 73. Bf4 R4a2
74. Rxa2 Rxa2 75. g4 Ne7 76. Nh7 Ng8 77. Kg3 Rc2 78. Bg5 a5 79. Nf6+ Nxf6 80.
exf6 a4 81. Kf4 a3 82. gxh5 gxh5 83. Bh6 Rg2 0-1

[Event "London Classic Open 2017"]
[Site "London ENG"]
[Date "2017.12.07"]
[Round "7.69"]
[White "Kobas, Mihael"]
[Black "Ilfeld, Etan"]
[Result "0-1"]
[WhiteElo "2001"]
[BlackElo "2186"]
[WhiteFideId "14537133"]
[BlackFideId "2803470"]
[EventDate "2017.12.02"]

1. d4 d5 2. c4 e6 3. cxd5 exd5 4. Nc3 c6 5. Qc2 Bd6 6. Nf3 Ne7 7. Bg5 h6 8. Bh4
f5 9. e3 O-O 10. Bd3 f4 11. exf4 Bxf4 12. O-O Bg4 13. Rae1 g5 14. Bg3 Bxf3 15.
gxf3 Qd7 16. Qe2 Nf5 17. Bxf4 Nxd4 18. Qe7 Nxf3+ 19. Kh1 Qxe7 20. Rxe7 Rxf4 21.
Rxb7 Rf7 22. Rxf7 Kxf7 23. Be2 g4 24. h3 h5 25. hxg4 hxg4 26. Kg2 Ne5 27. Kg3
Nbd7 28. Bxg4 Rg8 29. f3 Nf6 30. Kh3 d4 31. Ne4 Nxe4 32. fxe4+ Ke7 33. Bh5 Rf8
34. Rxf8 Kxf8 35. Kg3 c5 36. b3 Ke7 37. Kf4 Kf6 38. Be8 Nd3+ 39. Kf3 Nc1 40. Kf4
Nd3+ 41. Kf3 a6 42. Bh5 Ke5 43. Bf7 Nf4 44. Bc4 a5 45. Bf1 Ne6 46. Bd3 Ng5+ 47.
Kf2 Nxe4+ 48. Bxe4 Kxe4 49. Ke2 d3+ 50. Kd2 Kd4 51. Kd1 Kc3 52. Kc1 a4 53. bxa4
d2+ 54. Kd1 Kd3 0-1

[Event "London Classic Open 2017"]
[Site "London ENG"]
[Date "2017.12.07"]
[Round "7.70"]
[White "Lee, Kyungseok"]
[Black "Oyama, Akito"]
[Result "1/2-1/2"]
[WhiteElo "1975"]
[BlackElo "2185"]
[WhiteFideId "13202154"]
[BlackFideId "7001630"]
[EventDate "2017.12.02"]

1. e4 c5 2. Nf3 Nc6 3. d4 cxd4 4. Nxd4 e5 5. Nb5 d6 6. N1c3 a6 7. Na3 Be6 8. Nc4
b5 9. Ne3 Be7 10. Bd3 Bg5 11. O-O Bxe3 12. Bxe3 Nf6 13. h3 O-O 14. Qe2 h6 15.
Rfd1 Ne7 16. a4 b4 17. Nb1 a5 18. Nd2 Qc7 19. Nb3 Ng6 20. Qf3 Kh7 21. Nd2 d5 22.
exd5 Bxd5 23. Qg3 Rac8 24. b3 Nh5 25. Qg4 Nf6 26. Qg3 e4 27. Qxc7 Rxc7 28. Bc4
Rc6 29. Bxd5 Nxd5 30. Nc4 Nxe3 31. fxe3 Rc5 32. Rd2 Ne5 33. Nd6 f5 34. Nb7 Rc3
35. Nxa5 Rxe3 36. Rd5 Ng6 37. Nc4 Rg3 38. Rd2 f4 39. Kh2 Rg5 40. a5 e3 41. Re2
f3 42. gxf3 Rxf3 43. Rg2 Rxh3+ 44. Kxh3 Nf4+ 45. Kh2 Rxg2+ 46. Kh1 Rg3 47. a6
Rh3+ 48. Kg1 Rg3+ 49. Kh1 Rh3+ 50. Kg1 Ne2+ 51. Kg2 Nf4+ 52. Kg1 1/2-1/2

[Event "London Classic Open 2017"]
[Site "London ENG"]
[Date "2017.12.07"]
[Round "7.71"]
[White "Hill, Alistair"]
[Black "Iyengar, Ilya"]
[Result "1-0"]
[WhiteElo "2179"]
[BlackElo "2044"]
[WhiteFideId "432407"]
[BlackFideId "405949"]
[EventDate "2017.12.02"]

1. e4 c5 2. Nf3 e6 3. d4 cxd4 4. Nxd4 Nf6 5. Nc3 d6 6. g4 h6 7. Rg1 Nc6 8. Be3
a6 9. h4 h5 10. gxh5 Nxh5 11. Nxc6 bxc6 12. Qd2 Qxh4 13. O-O-O Qd8 14. Be2 g6
15. f4 Bd7 16. Bf3 Qc8 17. Rde1 Be7 18. f5 exf5 19. exf5 Bxf5 20. Bg5 Be6 21.
Ne4 d5 22. Qc3 Kd7 23. Bxh5 dxe4 24. Qd4+ Bd5 25. Bg4+ f5 26. Be2 Bxg5+ 27. Rxg5
Qg8 28. c4 Rc8 29. Kb1 Rh2 30. cxd5 cxd5 31. Bd1 Qe6 32. Bb3 Kd6 33. Reg1 Rg8
34. Bxd5 1-0

[Event "London Classic Open 2017"]
[Site "London ENG"]
[Date "2017.12.07"]
[Round "7.72"]
[White "Stone, Andrew M"]
[Black "Miller, Dominic"]
[Result "1-0"]
[WhiteElo "2170"]
[BlackElo "2018"]
[WhiteFideId "404985"]
[BlackFideId "438065"]
[EventDate "2017.12.02"]

1. c4 g6 2. Nc3 c5 3. Nf3 Bg7 4. e3 Nf6 5. d4 cxd4 6. Nxd4 Nc6 7. Be2 O-O 8. O-O
Nxd4 9. Qxd4 d6 10. Qh4 Be6 11. e4 Rc8 12. Nd5 b5 13. cxb5 Nxd5 14. exd5 Bxd5
15. a4 Qd7 16. Ra3 Be6 17. Qb4 d5 18. a5 d4 19. b6 Bd5 20. bxa7 Qxa7 21. a6 e5
22. Ra5 Rfd8 23. Bg5 f6 24. Rxd5 fxg5 25. Qb7 Qa8 26. Bf3 Re8 27. Rd7 Qxb7 28.
Bxb7 1-0

[Event "London Classic Open 2017"]
[Site "London ENG"]
[Date "2017.12.07"]
[Round "7.73"]
[White "Rice, Chris B"]
[Black "Brozel, Sacha"]
[Result "1/2-1/2"]
[WhiteElo "1969"]
[BlackElo "2168"]
[WhiteFideId "404446"]
[BlackFideId "429317"]
[EventDate "2017.12.02"]

1. c4 c5 2. g3 g6 3. Bg2 Bg7 4. Nc3 Nc6 5. Nf3 d6 6. O-O e6 7. d3 Nge7 8. Bg5 h6
9. Bd2 O-O 10. a3 Qd7 11. Rb1 b6 12. b4 Bb7 13. e4 Rad8 14. Qc1 Kh7 15. Qc2 Ba8
16. Rfe1 f5 17. h4 e5 18. bxc5 bxc5 19. Nd5 f4 20. gxf4 exf4 21. Bc3 Ne5 22.
Bxe5 Bxe5 23. Kh2 Nc6 24. Bh3 Qf7 25. Rg1 Nd4 26. Qd1 Bxd5 27. cxd5 Rb8 28. Rxb8
Rxb8 29. Nxd4 f3+ 30. Kh1 cxd4 31. h5 Qf4 32. Rg3 Rf8 33. hxg6+ Kh8 34. Kg1 h5
35. Bf5 h4 36. g7+ Bxg7 37. Rg4 Rxf5 38. Rxf4 Rxf4 39. Kh2 Be5 40. Kh3 Kg7 41.
Qg1+ Kh6 42. Qg8 a5 43. Qe6+ Kh5 44. Qe8+ Kh6 45. a4 Kg7 46. Qd7+ Kh6 47. Qe6+
Kg7 1/2-1/2

[Event "London Classic Open 2017"]
[Site "London ENG"]
[Date "2017.12.07"]
[Round "7.74"]
[White "Sajjadi, Kimiya"]
[Black "Caglar, Sila"]
[Result "0-1"]
[BlackTitle "WFM"]
[WhiteElo "1876"]
[BlackElo "2167"]
[WhiteFideId "1516434"]
[BlackFideId "6364063"]
[EventDate "2017.12.02"]

1. d4 Nf6 2. c4 e6 3. Nc3 Bb4 4. Qc2 O-O 5. Nf3 d5 6. a3 Bxc3+ 7. Qxc3 dxc4 8.
Qxc4 b6 9. Bg5 Ba6 10. Qa4 h6 11. Bh4 Qd7 12. Qxd7 Nbxd7 13. Bxf6 Nxf6 14. e3
Bxf1 15. Kxf1 c5 16. Ke2 Ne4 17. Rac1 Rfc8 18. Rhd1 c4 19. Nd2 Nd6 20. f3 b5 21.
Rc2 Rc6 22. Rdc1 Ra6 23. g4 Rb8 24. h3 g6 25. Ne4 Nb7 26. f4 f5 27. Nf6+ Kg7 28.
Nd7 Rd8 29. Ne5 Kf6 30. Kf3 g5 31. gxf5 exf5 32. Rg1 Nd6 33. Rcg2 Ne4 34. h4 g4+
35. Nxg4+ fxg4+ 36. Rxg4 Kf5 37. Rg7 Rdd6 38. Rb7 Rdb6 39. Re7 Re6 40. Rd7 c3
41. d5 Rg6 42. Rf7+ Raf6 43. Rxf6+ Nxf6 44. Rc1 cxb2 45. Rb1 Ne4 46. Rxb2 Rg3+
47. Ke2 Rg2+ 0-1

[Event "London Classic Open 2017"]
[Site "London ENG"]
[Date "2017.12.07"]
[Round "7.75"]
[White "Hughes, Anthony"]
[Black "Sedykh, Mikhail"]
[Result "0-1"]
[WhiteTitle "CM"]
[WhiteElo "1810"]
[BlackElo "2143"]
[WhiteFideId "1803093"]
[BlackFideId "447498"]
[EventDate "2017.12.02"]

1. d4 Nf6 2. c4 c5 3. d5 e6 4. Nc3 exd5 5. cxd5 d6 6. e4 g6 7. h3 Bg7 8. Bd3 O-O
9. Nf3 Re8 10. O-O c4 11. Bc2 b5 12. a3 a6 13. Bg5 Nbd7 14. Qd2 Bb7 15. Rfe1 Qb6
16. Rad1 a5 17. Be3 Nc5 18. Nd4 b4 19. Na4 Qa6 20. f3 b3 21. Nxc5 dxc5 22. Nxb3
cxb3 23. Bxb3 a4 24. Ba2 Nd7 25. Qc2 Qb5 26. Rd2 Ba6 27. f4 c4 28. d6 Nb6 29.
Red1 Bb7 30. e5 Bd5 31. Kh1 Be6 32. g4 Qc6+ 33. Kg1 Nd5 34. Qe4 f5 35. exf6 Bf7
36. Qg2 Bxf6 37. Rxd5 Bxd5 38. Rxd5 Rxe3 39. d7 Rd8 40. Qd2 Re7 41. Rd6 Rdxd7
42. Bxc4+ Qxc4 43. Rxd7 Rxd7 44. Qxd7 Bd4+ 45. Kg2 Qe2+ 46. Kh1 Qf1+ 0-1

[Event "London Classic Open 2017"]
[Site "London ENG"]
[Date "2017.12.07"]
[Round "7.76"]
[White "Paquico Rodriguez, Ivan"]
[Black "Riedener, Toni"]
[Result "1-0"]
[WhiteElo "2137"]
[BlackElo "1989"]
[WhiteFideId "2256320"]
[BlackFideId "1302698"]
[EventDate "2017.12.02"]

1. d4 d5 2. c4 c6 3. Nf3 Nf6 4. e3 Bg4 5. h3 Bh5 6. g4 Bg6 7. Ne5 Nbd7 8. Nxg6
hxg6 9. Nc3 e6 10. cxd5 exd5 11. Bg2 Bd6 12. Bd2 Qe7 13. Qc2 O-O 14. O-O-O b5
15. Kb1 Nb6 16. g5 Nh5 17. e4 Bf4 18. exd5 cxd5 19. Nxd5 Nxd5 20. Bxd5 Rac8 21.
Qxg6 Bxd2 22. Qxh5 Qxg5 23. Qxg5 Bxg5 24. Rhg1 Bf6 25. Rg4 Rfd8 26. Bf3 Rc7 27.
d5 Be5 28. Be4 Kf8 29. f4 Bd6 30. Rdg1 Rdc8 31. Bf5 Bc5 32. d6 Bxd6 33. Bxc8
Rxc8 34. Rxg7 Rc4 35. R7g4 Rxf4 36. Rxf4 Bxf4 37. Kc2 Ke7 38. Kd3 Ke6 39. Ke4
Be5 40. b3 f5+ 41. Kf3 Kd5 42. Rg5 Ke6 43. h4 1-0

[Event "London Classic Open 2017"]
[Site "London ENG"]
[Date "2017.12.07"]
[Round "7.77"]
[White "Jekel, Wolfgang"]
[Black "Stewart, Ashley"]
[Result "1/2-1/2"]
[WhiteElo "1787"]
[BlackElo "2135"]
[WhiteFideId "4690370"]
[BlackFideId "419001"]
[EventDate "2017.12.02"]

1. Nf3 Nf6 2. e3 g6 3. b4 Bg7 4. Bb2 O-O 5. c4 d6 6. d4 Nbd7 7. Be2 e5 8. dxe5
Ng4 9. O-O Ngxe5 10. Qc2 Qe7 11. Nc3 c6 12. Rfd1 Nxf3+ 13. Bxf3 Ne5 14. Be2 Be6
15. Nb1 d5 16. cxd5 cxd5 17. a3 Rac8 18. Qd2 Nc4 19. Bxc4 dxc4 20. Bxg7 Kxg7 21.
Nc3 Rfd8 22. Qe1 Qf6 23. Ne4 Qe5 24. Qc3 Qxc3 25. Nxc3 Rd3 26. Rdc1 Rcd8 27. Kf1
f5 28. Ra2 Rd2 29. Rcc2 Rxc2 30. Rxc2 Rd3 31. Ke2 a6 32. Rc1 Kf6 33. h4 h6 34.
g3 g5 35. hxg5+ hxg5 36. a4 Bf7 37. a5 g4 38. b5 axb5 39. Nxb5 Rd5 40. Rb1 Rc5
41. Nc3 Rxa5 42. Rxb7 Ra3 43. Kd2 Rb3 44. Rc7 Rb2+ 45. Ke1 Rc2 46. Nb5 Bd5 47.
Nd4 Ra2 48. Rc5 Ke5 49. Nxf5 Ra1+ 50. Kd2 Ra2+ 51. Ke1 Ke6 52. Nd4+ Kd6 53. Rc8
Kd7 54. Rc5 Kd6 55. Rc8 Kd7 56. Rc5 Kd6 1/2-1/2